| 000 | 00415nam a2200169Ia 4500 | ||
|---|---|---|---|
| 008 | 260520s2013 xx 000 0 und d | ||
| 020 | _a9788176600644 | ||
| 041 | _aeng | ||
| 082 | _a658.1/JHA | ||
| 100 | _aJhamb, L C | ||
| 245 | _aIndustrial Management - II | ||
| 250 | _a13th ed | ||
| 260 |
_aPUNE _bEVEREST PUBLISHING HOUSE _c2013 |
||
| 300 | _a1037p. | ||
| 500 | _aCat No: 15081 | ||
| 650 | _aMANAGEMENT | ||
| 999 |
_c1222158 _d1222158 |
||